|
|
|
|
| LEADER |
00000cam a2200000 a 4500 |
| 001 |
vtls001423793 |
| 003 |
SK-MaSNL |
| 005 |
20260302001727.0 |
| 008 |
251117s2001 xo r 000 p hun |
| 015 |
|
|
|a SNBA2002/04-01209
|
| 020 |
|
|
|a 8080620903
|
| 035 |
|
|
|a SNK000378671
|
| 035 |
|
|
|a urn:nbn:sk:snk-amjd3y
|
| 035 |
|
|
|a urn:nbn:sk:snk-am003e7l
|
| 035 |
|
|
|a 77DE9FED-102D-4BA3-9906-6F4C9E813324
|
| 040 |
|
|
|a SNK
|b slo
|c SNK
|e AACR2
|
| 041 |
0 |
|
|a hun
|
| 044 |
|
|
|a xo
|c SK
|
| 080 |
|
|
|a 894.511-4=945.11
|2 1981
|
| 100 |
1 |
|
|a Varga, Imre,
|d 1950-
|4 aut
|9 100534
|
| 245 |
1 |
0 |
|a Trella vilém
|b álmoskönyvecske
|c Varga Imre
|
| 260 |
|
|
|a Dunaszerdahely
|b Lilium Aurum
|c 2001
|
| 300 |
|
|
|a 222 s.
|c 17 cm
|
| 650 |
0 |
7 |
|a eseje, maďarské
|2 SNK
|9 582855
|
| 655 |
|
7 |
|a maďarské eseje
|2 SNKPH
|9 118460
|
| 752 |
|
|
|d Dunajská Streda
|
| 919 |
|
|
|a 80-8062-090-3
|
| 958 |
|
|
|a TL
|
| 958 |
|
|
|a LX
|
| 958 |
|
|
|a HU
|
| 999 |
|
|
|c 985019
|d 986949
|
| 952 |
|
|
|t P60, <03>, [BOOK], {603}
|a SNK
|b SNK
|y PREZ
|7 0
|p 17A0322013
|o snkSD 71910
|i snkKSP 13332/2001
|0 0
|1 0
|4 0
|d 2001-11-09
|l 0
|r 2005-01-02 00:00:00
|w 2026-02-24
|
| 952 |
|
|
|t P60, <04>, [BOOK], {604}
|a SNK
|b SNK
|y VYP
|7 0
|p 17A0322014
|o snkSD 71910 D1
|i snkKSP 13333/2001
|0 0
|1 0
|4 0
|d 2001-11-09
|f 1
|l 0
|r 2005-01-02 00:00:00
|w 2026-02-24
|